000 00239nam a2200097Ia 4500
005 20251222114342.0
008 251222s1900||||xx |||||||||||||| ||spa||
082 _aDVD0080/C27
245 0 _aCascía: una historia de poder y pasión:
942 _cDVD
999 _c897
_d897